|
|
|
|
| LEADER |
00842cam a2200217 a 4500 |
| 001 |
0000021239 |
| 005 |
19971217090000.0 |
| 040 |
|
|
|a mod
|
| 041 |
|
|
|a eng
|
| 020 |
0 |
0 |
|a 0905838114
|
| 090 |
0 |
0 |
|a 355.031
|b HIL
|
| 100 |
1 |
0 |
|a HILL-NORTON
|h Peter
|f Sir
|
| 245 |
1 |
0 |
|a No soft options
|b the politico-military realities of NATO
|c Sir Peter Hill-Norton
|
| 260 |
0 |
0 |
|a London
|b G. Hurst and Co.
|c 1978
|
| 300 |
0 |
0 |
|a x, 172p
|c 22cm
|
| 500 |
0 |
0 |
|a Includes index#
|a ISBN no 0773505032 for book with acc. no 0037034 in Rujukan section
|
| 610 |
0 |
0 |
|a North Atlantic Treaty Organization
|x Armed Forces
|
| 852 |
0 |
0 |
|a 01
|
| 999 |
|
|
|a 0036476
|b KEMENTAH
|d BOOKS
|e Umum
|f Perpustakaan KEMENTAH
|j AVAILABLE
|q OLD
|
| 999 |
|
|
|a 0037034
|b KEMENTAH
|d BOOKS
|e Umum
|f Perpustakaan KEMENTAH
|j AVAILABLE
|q OLD
|
| 999 |
|
|
|a 1000004641
|b Maktab Pertahanan Angkatan Tentera
|d BOOKS
|e Umum
|f MPAT
|j AVAILABLE
|q OLD
|